000 00254nam a2200097Ia 4500
001 642496
005 20250826153527.0
008 250824s9999 xx 000 0 und d
245 0 _aMİNKA ABLA ANTİK
_cPANAIT ISTRATI
260 _bANTİK DÜNYA KLASİKLERİ
999 _c642496
_d642496